Statistics for Football Clubs by city - Ligue 1

Click here to take the quiz!

General Stats

  • This quiz has been taken 93 times
  • The average score is 17 of 20

Answer Stats

CityFootball Club% Correct
AuxerreAJ Auxerre
97%
AjaccioAC Ajaccio
95%
AngersAngers SCO
95%
MarseilleOlympique de Marseille
94%
LyonOlympique Lyonnais
94%
LilleLOSC Lille
93%
BrestStade Brestois 29
93%
NantesFC Nantes
92%
RennesStade Rennais F.C.
91%
LorientFC Lorient
90%
ParisParis Saint-Germain F.C.
90%
Clermont-FerrandClermont Foot 63
87%
MontpellierMontpellier Hérault SC
86%
ReimsStade de Reims
86%
ToulouseToulouse FC
85%
TroyesES Troyes AC
84%
StrasbourgRC Strasbourg Alsace
84%
LensRC Lens
79%
NiceOGC Nice
70%
FontvieilleAS Monaco
33%

Score Distribution

Percentile by Number Answered

Percent of People with Each Score

Your Score History

You have not taken this quiz